| 000 | 00000nam##2200000za#4500 |
| 001 | 9.572614 |
| 003 | CaOODSP |
| 005 | 20220111083116 |
| 007 | cr ||||||||||| |
| 008 | 150406|2001||||xxc|||||o f|0| 0 eng|d |
| 022 | |a1928-6414 |
| 040 | |aCaOODSP|beng |
| 043 | |an-cn--- |
| 086 | 1 |aNE22-1/2001-10E-PDF |
| 110 | 1 |aCanada. |bNational Energy Board. |
| 245 | 10|aMaritimes & Northeast Pipeline Management Ltd. (M&NP) : |h[electronic resource]|breasons for decision on the article 17 issue |
| 260 | |aCalgary - Alberta : |bNational Energy Board |cNovember 2001. |
| 300 | |a11p. |
| 490 | 1 |aReasons for decision|x1928-6414|vRH-3-2001 |
| 500 | |aCaption title, p. 2 of 11. |
| 590 | |a12-10-Supp|b2012-03-23 |
| 775 | 08|tMaritimes & Northeast Pipeline Management Ltd. (M&NP) : |w(CaOODSP)9.602959 |
| 776 | 0#|tMaritimes & Northeast Pipeline Management Ltd. (M&NP): reasons for decision on the Article 17 issue |w(CaOODSP)9.615883 |
| 830 | #0|aReasons for decision (Canada. National Energy Board)|x1928-6414|vRH-3-2001|w(CaOODSP)9.504480 |
| 856 | 40|ahttp://publications.gc.ca|qPDF|s47 KB|uhttps://publications.gc.ca/collections/Collection/NE22-1-2001-10E.pdf|yRH-3-2001 |